Eastbourne Roads Quiz - Statistics

General Stats
  • This quiz has been taken 23 times
  • The average score is 11 of 30
Answer Stats
Answer % Correct
Seaside
77%
Upperton Road
77%
Lottbridge Drove
69%
Kings Drive
62%
Bourne Street
54%
East Dean Road
54%
Grand Parade
54%
Cross Levels Way
46%
Golden Jubilee Way
46%
The Avenue
46%
Victoria Drive
46%
Whitley Road
46%
Brassey Avenue
38%
Pevensey Bay Road
38%
Ashford Road
31%
Cornfield Road
31%
Friday Street
31%
Langney Rise
31%
Princes Road
31%
Cavendish Place
23%
Gildredge Road
23%
South Street
23%
Willingdon Drove
23%
Hide Hollow
15%
Meads Road
15%
Priory Road
15%
Rodmill Drive
15%
Susans Road
15%
Willingdon Park Drive
15%
Eldon Road
8%
No matching quizzes found
Score Distribution
Percent of People with Each Score
Percentile by Number Answered
Your Score History
You have not taken this quiz